El mundo de Jesús. Contextos socio-culturales para comprender a Jesús de Nazaret.

Gespeichert in:
Bibliographische Detailangaben
1. Verfasser: Silva Retamales, Santiago (autor)
Format: Unbekannt
Veröffentlicht: Madrid, España: PPC, 2022.
Schlagworte:
Tags: Tag hinzufügen
Keine Tags, Fügen Sie den ersten Tag hinzu!

MARC

LEADER 00000 a2200000 4500
003 CL-VaPUC
005 20230112114155.0
008 230104t2022 ||||| |||| 00| 0 eng d
999 |c 439645  |d 439643 
020 |a 9788428839549 
040 |c Pontificia Universidad Católica de Valparaíso 
082 |2 22  |a 232 SIL 2022 
100 |a Silva Retamales, Santiago  |9 532079  |e autor 
245 |a El mundo de Jesús.  |b Contextos socio-culturales para comprender a Jesús de Nazaret.  
260 |a Madrid, España:  |b PPC,   |c 2022. 
300 |a 479 páginas. 
583 |k GC  |c 20230104 
600 0 |9 558390  |a Nazaret, Jesús de   |x Crítica e interpretación   |x Contexto sociocultural 
651 0 |a Palestina  |x Aspectos socioculturales   |y Siglo 1 d. C.   |9 324189 
942 |2 ddc  |c BK 
952 |0 0  |1 0  |2 ddc  |4 0  |6 232_000000000000000_SIL_2022  |7 0  |8 A  |9 588466  |a BIBTEO  |b BIBTEO  |c GEN  |d 2023-01-03  |e 13  |g 30202.00  |i 5656204  |l 4  |m 1  |o 232 SIL 2022  |p 5656204  |r 2025-01-17  |s 2023-05-03  |t 1  |v 30202.00  |w 2023-01-03  |y BK  |k ICR